La responsabilité contractuelle des personnes publiques en droit administratif

Պահպանված է:
Մատենագիտական մանրամասներ
Հիմնական հեղինակ: Terneyre, Philippe (Հեղինակ)
Ձևաչափ: Գիրք
Լեզու:ֆրանսերեն
Հրապարակվել է: París Económica 1989
Շարք:Science et Droit Administratifs
Խորագրեր:
Ցուցիչներ: Ավելացրեք ցուցիչ
Չկան պիտակներ, Եղեք առաջինը, ով նշում է այս գրառումը!

MARC

LEADER 00000nam a2200000 a 4500
001 UCX7120
003 CL-VaPUC
008 931127e19890000FR |||||||||||||||||fre|d
082 0 4 |a 342  |b TER  |2 21 
100 0 |a Terneyre, Philippe  |e author  |9 323916 
245 1 3 |a La responsabilité contractuelle des personnes publiques en droit administratif 
300 |a 344 p 
942 |c BK 
945 |d 19931127 00:00:00  |a nfarias 
260 |a París  |b Económica  |c 1989 
650 0 |a Derecho administrativo  |9 254851 
583 |a last modification  |c 19931127 00:00:00  |k Rodrigo Vera 
490 0 |a Science et Droit Administratifs 
999 |c 227031  |d 227029 
952 |0 0  |1 0  |4 0  |6 342_000000000000000_TER_1989  |7 0  |8 A  |9 225787  |a BIBDER  |b BIBDER  |d 2019-11-15  |i 2943832  |o 342 TER 1989  |p 2943832  |r 2023-01-25  |w 2019-11-15  |y BK  |k DER